Carlos Ortúzar: presencia y geometría

Salvato in:
Dettagli Bibliografici
Autore principale: Navarrete, Carlos (autor)
Natura: Libro
Lingua:spagnolo
Pubblicazione: Santiago Ediciones Metales Pesados 2010
Edizione:1a. ed
Serie:Cuadernos de Movilización
Soggetti:
Tags: Aggiungi Tag
Nessun Tag, puoi essere il primo ad aggiungerne!!

MARC

LEADER 00000cam a2200000 a 4500
001 UCE0409
003 CL-VaPUC
008 140116e20100100cl |||||||||||||||||spa|d
020 |a 9789568415303 
082 0 4 |a 759.983  |b NAV  |2 21 
100 |a Navarrete, Carlos  |e autor  |9 497059 
245 1 0 |a Carlos Ortúzar: presencia y geometría 
250 |a 1a. ed 
300 |a 78 p 
942 |c BK 
945 |d 20140116 11:53:00  |a dcastane 
260 |a Santiago  |b Ediciones Metales Pesados  |c 2010 
650 0 |a Escultura  |9 265737 
650 7 |a ESCULTORES CHILENOS  |2 CL-VaPUC  |9 464635 
650 0 |a Biografías  |9 255210 
583 |a last modification  |c 20140116 11:53:00  |k Rodrigo Vera 
490 0 |a Cuadernos de Movilización 
999 |c 354548  |d 354546 
952 |0 0  |1 0  |3 erb  |4 0  |6 759_983000000000000_NAV_2010  |7 0  |8 A  |9 460494  |a BIBART  |b BIBART  |i 5049962  |l 1  |o 759.983 NAV 2010  |p 5049962  |r 2025-03-13  |s 2022-10-12  |w 2019-11-23  |y BK  |z Catalogado en:20140116  |k ART